000 00376nam a2200157 a 4500
003 DLC
005 20210219152748.0
022 _a0425-0494
035 _aUPN01000060268
245 0 0 _aENGLISH IN EDUCATION
260 _aInglaterra
260 _bNational Association for the Teaching of English
310 _aTres veces al año
905 _aRevista
999 _c60088
_d60088